000 00860nam a2200217 i 4500
001 158523
003 ES-MaACL
005 20250812024704.0
008 990108s1898 fr a |||| | fre d
040 _aCCPB | B
_bspa
_cCCPB | B
100 1 _aMaindron, Georges-René Maurice,
_d1857-1911
_9129362
245 1 2 _aL'art indien /
_cpar Maurice Maindron.
260 _aParis :
_bSociété Française d'Editions d'Art, L.-Henry May :
_bLib.-Impr. réunies, Motteroz,
_c1898.
300 _aIX, 314 p. :
_bil. ;
_c21 cm.
490 1 _aBibliothèque de l'enseignement des beaux arts
596 _aFecha tomada del depósito en el Ministerio del Interior, 1898.
650 7 _aArte indio
_2embne
_9135615
830 0 _aBibliothèque de l'enseignement des beaux arts
_9181140
852 _aES-MaACL
_jB-2501
_z-- Enc. tela
999 _c158523
_d158523